Dystrykty Portugalii - Statystyki

Ogólne statystyki
  • Ten quiz został rozwiązany 7 razy
  • Średni wynik to 6 z 18
Statystyki odpowiedzi
Odpowiedź % Poprawnych
Lizbona
100%
Faro
83%
Porto
83%
Braga
67%
Beja
50%
Aveiro
33%
Evora
33%
Portalegre
33%
Braganca
17%
Castelo Branco
17%
Coimbra
17%
Guarda
17%
Leiria
17%
Setubal
17%
Viana do Castelo
17%
Vila Real
17%
Viseu
17%
Santarem
0%
Nie znaleziono quizów pasujących do podanych kryteriów
Rozkład punktacji
Procent ludzi z każdym wynikiem
Percentyl według liczby udzielonych odpowiedzi
Twoja historia wyników
Nie rozwiązałeś tego quizu